000 00545nam a2200181 i 4500
001 104201
003 ES-MaACL
005 20230906183535.0
007 t|
008 051125s1972 sp ||||1| spa d
100 1 _aMialaret, Gaston.
_9199893
245 1 3 _aEl aprendizaje de la lectura /
_cGaston Mialaret; [traducción... por Miguel Angel Torremocha].
260 _aMadrid :
_bMarova,
_c1972.
300 _a149 p. ;
_c18 cm.
700 1 _aTorremocha, Miguel Angel.
_9110819
852 _aES-MaACL
_jC-52720
_bR.82863
999 _c104201
_d104201